<?xml version="1.0" encoding="UTF-8"?>
<record
    xmlns:xsi="http://www.w3.org/2001/XMLSchema-instance"
    xsi:schemaLocation="http://www.loc.gov/MARC21/slim http://www.loc.gov/standards/marcxml/schema/MARC21slim.xsd"
    xmlns="http://www.loc.gov/MARC21/slim">

  <leader>00523nas a2200193 i 4500</leader>
  <controlfield tag="001">C2-0344520</controlfield>
  <controlfield tag="003">PPAK</controlfield>
  <controlfield tag="005">20180729123451.0</controlfield>
  <controlfield tag="008">180108s        my  |||| |||||  |   may d</controlfield>
  <datafield tag="022" ind1=" " ind2=" ">
    <subfield code="a">9772462177002</subfield>
  </datafield>
  <datafield tag="040" ind1=" " ind2=" ">
    <subfield code="a">PPAK</subfield>
    <subfield code="b">eng</subfield>
    <subfield code="c">PPAK</subfield>
    <subfield code="e">rda</subfield>
  </datafield>
  <datafield tag="245" ind1="0" ind2="0">
    <subfield code="a">Back Packerz</subfield>
  </datafield>
  <datafield tag="264" ind1=" " ind2="1">
    <subfield code="a">Selangor : </subfield>
    <subfield code="b">Adam Asia Resources ,</subfield>
  </datafield>
  <datafield tag="336" ind1=" " ind2=" ">
    <subfield code="2">rdacontent</subfield>
    <subfield code="a">text</subfield>
  </datafield>
  <datafield tag="337" ind1=" " ind2=" ">
    <subfield code="2">rdamedia</subfield>
    <subfield code="a">unmediated</subfield>
  </datafield>
  <datafield tag="338" ind1=" " ind2=" ">
    <subfield code="2">rdacarrier</subfield>
    <subfield code="a">volume</subfield>
  </datafield>
  <datafield tag="650" ind1="1" ind2="0">
    <subfield code="a">Travel-Periodicals ; Voyages and travels-Periodicals</subfield>
  </datafield>
  <datafield tag="942" ind1=" " ind2=" ">
    <subfield code="d">dc</subfield>
    <subfield code="c">SR</subfield>
  </datafield>
  <datafield tag="999" ind1=" " ind2=" ">
    <subfield code="c">149914</subfield>
    <subfield code="d">149914</subfield>
  </datafield>
  <datafield tag="952" ind1=" " ind2=" ">
    <subfield code="0">0</subfield>
    <subfield code="1">0</subfield>
    <subfield code="2">ddc</subfield>
    <subfield code="4">0</subfield>
    <subfield code="7">1</subfield>
    <subfield code="a">PPAK</subfield>
    <subfield code="b">PPAK</subfield>
    <subfield code="c">R</subfield>
    <subfield code="d">2018-09-30</subfield>
    <subfield code="e">FAR</subfield>
    <subfield code="g">10.00</subfield>
    <subfield code="h">Vol.28 : 2018</subfield>
    <subfield code="o">R 910.5 BAC</subfield>
    <subfield code="p">A00619601</subfield>
    <subfield code="r">2018-09-30 00:00:00</subfield>
    <subfield code="v">10.00</subfield>
    <subfield code="w">2018-09-30</subfield>
    <subfield code="y">SR</subfield>
  </datafield>
</record>
